| 000 | 01206nam a2200349 i 4500 | ||
|---|---|---|---|
| 001 | bg | ||
| 003 | BPK | ||
| 005 | 20200608140651.0 | ||
| 008 | 010621s2001 pl f f |001 0 pol | ||
| 015 | _aPB 2001/9985 | ||
| 020 | _a8388551884 | ||
| 040 |
_aWA N _cBPK |
||
| 041 | 0 | _apol | |
| 080 | _a349.3(438) | ||
| 080 | _a369(438) | ||
| 080 | _a(075.8) | ||
| 100 | 1 |
_aJończyk, Jan _d(1930- ). |
|
| 245 | 1 | 0 |
_aPrawo zabezpieczenia społecznego : _bubezpieczenia społeczne i zdrowotne, bezrobocie i pomoc społeczna / _cJan Jończyk. |
| 250 | _aStan prawny na 1 stycznia 2001. | ||
| 260 |
_aKraków : _b"Zakamycze", _c2001. |
||
| 300 |
_a466, [1] s. ; _c24 cm. |
||
| 490 | 1 | _aSeria Akademicka. Podręcznik. | |
| 500 | _aNa s. red. błędny ISBN. | ||
| 504 | _aBibliogr. - Indeks. | ||
| 650 | 4 |
_aOpieka społeczna _xprawo _zPolska. |
|
| 650 | 4 |
_aŚwiadczenia społeczne _xprawo _zPolska. |
|
| 655 | 4 | _aPodręczniki akademickie | |
| 710 | 2 |
_aKantor Wydawniczy Zakamycze _4pbl. |
|
| 830 | 0 | _aSeria Akademicka - Zakamycze | |
| 942 |
_2UKD _cKS |
||
| 856 |
_uhttp://koha.tu.koszalin.pl/cgi-bin/koha/opac-detail.pl?biblionumber=39955 _yKatalog online BPK |
||
| 999 |
_c39955 _d39955 |
||